000 00630nam a2200169 a 4500
008 120416s1968 ||||||||||||||||| || u
050 _aQA 432 Str
100 _aStrum, Robert O
245 1 0 _aLaplace transform solution of differencial equations
246 _aa programmed text
260 _aEnglewood Cliffs, N.J.
_bFT Prentice-Hall
_c1968
300 _axxvi,197p.:ill.
350 _a0.00
650 0 _aMATHEMATICS--HANDBOOKS, MANUALS, ETC
650 _aDIFFERENCIAL EQUATIONS
995 _D0.00
_FCBU-MAIN LIBRARY (Kitwe)
_H1
_I5.80
_M1
_UDAMAGED
_ZMain Library Open Access Collection
999 _c48885
_d48885